000
00321nam a2200121Ia 4500
008
230524s9999 xx 000 0 und d
100
_a
APJ Abdul Kalam
245
0
_a
Ignited Minds : Unleashing the Power within India
260
_b
Penguin
500
_a
Quantity Number: 3
650
_a
Miscellaneous
_9
1877
942
_c
BK
999
_c
51164
_d
51164